Animaniacs Quiz - Statistics

General Stats
  • This quiz has been taken 236 times
  • The average score is 6 of 8
Answer Stats
Question Answer % Correct
What date did original Animaniacs came? 1993
93%
When did Pinky and the Brain come? 1995
88%
Who is the oldest/eldest brother in Animaniacs? Yakko
85%
When the show ended in 1998, a year later, what movie came out Animaniacs: Wakko's Wish
83%
What studio made Animaniacs? Warner Bros
80%
What date did the Animaniacs reboot come? 2020
78%
What is the most popular Animaniacs song? Yakko's World
78%
What was the first variable line in Animaniacs? Hint: It ends in -y. Here's the show's name-y
65%
No matching quizzes found
Score Distribution
Percent of People with Each Score
Percentile by Number Answered
Your Score History
You have not taken this quiz